00460nam a2200181Ia 4500003000400000005001700004008004100021040000700062041001200069082001500081100002300096245003500119260005000154300001300204650002200217650002200239700001700261OSt20250807173141.0210423s1993 xx 000 0 und d cAL aEnglish a320 bPARD aMakarand Paranjape aDecolonization and development aNew DelhibSahitya Bhawan Publicationsc1993 av,26bPB aPolitical Science aPolitical Science aNandy, Ashis